LEADER 01110nam a2200277 i 4500 001 000000177080 003 CaOOAMICUS 005 20221223103549.0 008 090320s2008 it u000 u ita u 013 $a154587 020 $a978-88-420-8389-4 040 $aSeMil$bita 100 1 $aGattei, Stefano,$d<1970- >.$0(OLS)http://semarc/name/55994 245 10$aIntroduzione a Popper /$cStefano Gattei. 260 $aRoma [etc.] :$bGLF editori Laterza,$c2008. 300 $a189 p. ;$c18 cm. 490 0 $aMestri del Novecento Laterza ;$v12 600 14$aPopper, Karl Raimund <1902-1994>.$0(OLS)http://semarc/subject/10581 830 0$aMaestri del Novecento Laterza ;$v12.$0(OLS)http://semarc/title/27651 850 $aSeMil 852 $aSeMil$W1$xVenegono$y1$m2P I 742$j127894$B127894$CSeMilBibl$Z2$F140680 $81 961 $aAcquisto: DEA 996 $6020$a978-88-420-8389-4$9(OLS)http://semarc/number/165814 996 $6245$aIntroduzione a Popper$9(OLS)http://semarc/title/254292 996 $6260$aRoma [etc.] :$bGLF editori Laterza$9(OLS)http://semarc/publisher/31642 LEADER 00758nam a2200193 i 4500 001 000000251918 003 CaOOAMICUS 005 20161207000000.0 008 161207s1888 it u000 u ita u 013 $a230823 040 $aSeMil$bita 245 10$aParte filosofica e tecnica. 300 $aX, [430] p. :$b14 c. di tav. 490 0 $aStudi giuridici e politici 773 0 $aGabaglio, Antonio$tTeoria generale della statistica.$b2. ed. totalmente rifatta.$dMilano : Ulrico Hoepli, 1888.$g2$w()33517 830 0$aStudi giuridici e politici.$0(OLS)http://semarc/title/34568 850 $aSeMil 852 $aSeMil$W1$xVenegono$y1$m3M III 16 FA$j202264$B202264$CSeMilBibl$Z2$F214970 $8I 996 $6245$aParte filosofica e tecnica$9(OLS)http://semarc/title/354042 LEADER 01050nam a2200217 4500 001 000000358388 003 CaOOAMICUS 005 20240516144839.0 008 240516s1898 it 000 u ita r 040 $aSeMil$bita 100 1 $aGiobbi, Adolfo <1897- >.$0(OLS)http://semarc/name/88292 245 13$aLa Santa Sede e le scoperte portoghesi / $cMons. Adolfo prof. Giobbi. 264 1$aMilano :$bDitta Tipografica F.lli Centenari e C.,$c1898. 300 $a19 p. ;$c25 cm 500 $aDiscorso letto nella solenne Accademia data in Roma il 21 maggio 1898 per commemorare il 4. Centenario della scoperta delle Indie 650 4$aSanta Sede - Relazioni con il Portogallo.$0(OLS)http://semarc/subject/2802 850 $aSeMil 852 $aSeMil$W1$xVenegono$y1$m5B VI 9/8$j248306$B249501$CSeMilBibl$Z2$F249501 $8I 996 $6245$aLa Santa Sede e le scoperte portoghesi / $9(OLS)http://semarc/title/448726 996 $6264$aMilano :$bDitta Tipografica F.lli Centenari e C.$9(OLS)http://semarc/publisher/61094 LEADER 00998nam a2200217 i 4500 001 000000217363 003 CaOOAMICUS 005 20121203000000.0 008 121203s1920 it u000 u ita u 013 $a196260 040 $aSeMil$bita 100 1 $aBazzetta de Vemenia, Nino.$0(OLS)http://semarc/name/73735 245 13$aIl patriziato milanese :$bpassioni, stravaganze, tipi, aneddoti, profili : seguito dalla Leggenda azzurra /$cNino Bazzetta de Vemenia. 260 $a[S.l. :$bs.n.],$c[1920?] 300 $a349 p. :$bill. ;$c18 cm. 650 4$aMilano - Aneddoti.$0(OLS)http://semarc/subject/2741 650 4$aNobili - Milano.$0(OLS)http://semarc/subject/44761 850 $aSeMil 852 $aSeMil$W1$xVenegono$y1$m3O I 40$j167777$B167777$CSeMilBibl$Z2$F178541 $81 996 $6245$aIl patriziato milanese :$bpassioni, stravaganze, tipi, aneddoti, profili : seguito dalla Leggenda azzurra$9(OLS)http://semarc/title/312311 996 $6260$a[S.l. :$bs.n.]$9(OLS)http://semarc/publisher/29751